|
|
|
|
| LEADER |
00000cam a2200000 7i4500 |
| 001 |
0000002301 |
| 002 |
000002505 |
| 005 |
20000330.0 |
| 020 |
|
|
|a 9679784878
|
| 090 |
0 |
0 |
|a 354.595006
|b AHM
|
| 100 |
0 |
|
|a Ahmad Sarji bin Abdul Hamid
|f Tan Sri Dato' Seri
|
| 245 |
1 |
4 |
|a The Changing civil services :
|b Malaysia's competitive edge
|c Ahmad Sarji Abdul Hamid
|
| 260 |
|
|
|a Selangor :
|b Pelanduk Pub ,
|c 1993
|
| 300 |
|
|
|a 240p. ;
|c 23cm.
|
| 650 |
0 |
0 |
|a Civil services
|z Malaysia
|
| 999 |
|
|
|a 00069274
|b BUKU
|c MALAYSIANA
|e PERPUSTAKAAN KOMUNITI PETALING JAYA
|
| 999 |
|
|
|a 00070504
|b BUKU
|c RUJUKAN
|e PERPUSTAKAAN KOMUNITI PETALING JAYA
|
| 999 |
|
|
|a 00070505
|b BUKU
|c PINJAMAN
|e PERPUSTAKAAN KOMUNITI PETALING JAYA
|
| 999 |
|
|
|a 036028
|b BUKU
|c MALAYSIANA
|e PERPUSTAKAAN KOMUNITI PETALING JAYA
|